|
|
|
|
| LEADER |
00000nam0a2200000 4500 |
| 001 |
204263 |
| 005 |
20231101225215.0 |
| 010 |
|
|
|a 9785863881812
|
| 035 |
|
|
|a (RuTPU)RU\TPU\book\222630
|
| 090 |
|
|
|a 204263
|
| 100 |
|
|
|a 20111121d2011 m y0rusy50 ca
|
| 101 |
0 |
|
|a rus
|
| 102 |
|
|
|a RU
|
| 105 |
|
|
|a ac z 000zy
|
| 200 |
1 |
|
|a Высокое напряжение или последние дни энергоимперии
|f А. И. Ягушкин
|
| 210 |
|
|
|a Москва
|c Полиграф сервис
|d 2011
|
| 215 |
|
|
|a 312 с.
|c ил.
|
| 330 |
|
|
|a Автор книги - А.И. Ягушкин, профессиональный работник электроэнергетической отрасли. В книге рассказывается о ситуации в электроэнергетике в годы перестройки и в трагическое время 90-х годов; о том, кто и как разрушал Министерство энергетики и электрификации СССР, о смене руководства отрасли, о роли П.С. Непорожнего и его соратников в развитии электроэнергетики и освобождении Министра от должности; дается краткая характеристика талантливых инженеров и выдающихся энергетиков 60-х, 70-х и 80-х годов ХХ-века, с которыми автор трудился более 40 лет; краткий взгляд на энергетику сегодняшнего дня. Эта книга - плод размышлений человека, посвятившего всю свою сознательную жизнь Энергетике на великих пространствах нашей Родины. Книга о прошлом, настоящем и будущем важнейшей отрасли народного хозяйства. Адресована не только специалистам, но и широкому кругу читателей.
|
| 600 |
|
1 |
|a Ельцин
|g Борис Николаевич
|c российский государственный и политический деятель
|f 1931-2007
|b Б. Н.
|c 1-й президент РФ
|2 stltpush
|3 (RuTPU)RU\TPU\pers\1064
|
| 606 |
1 |
|
|a Электроэнергетика
|2 stltpush
|3 (RuTPU)RU\TPU\subj\21036
|9 46086
|
| 610 |
1 |
|
|a история
|
| 610 |
1 |
|
|a Россия
|
| 610 |
1 |
|
|a 20 век
|
| 610 |
1 |
|
|a перестройка
|
| 610 |
1 |
|
|a инженеры
|
| 610 |
1 |
|
|a выдающиеся энергетики
|
| 610 |
1 |
|
|a СССР
|
| 610 |
1 |
|
|a энергетический комплекс
|
| 675 |
|
|
|a 621.31(09)
|v 3
|
| 700 |
|
1 |
|a Ягушкин
|b А. И.
|g Алексей Иванович
|
| 801 |
|
1 |
|a RU
|b 63413507
|c 20111121
|
| 801 |
|
2 |
|a RU
|b 63413507
|c 20111129
|g RCR
|
| 942 |
|
|
|c BK
|